|
|
|
|
| LEADER |
01026nam a2200253 a 4500 |
| 001 |
4570467 |
| 008 |
100111r19771975enka bs 001 0 eng d |
| 010 |
|
|
|a 74029172
|
| 020 |
|
|
|a 0199200750 :
|c £4.50.
|
| 020 |
|
|
|a 0199200769 (bpbk)
|
| 040 |
|
|
|a DLC
|c DLC
|d DLC
|d BD-DhAAL
|
| 082 |
0 |
0 |
|a 330.9/045
|
| 100 |
1 |
|
|a Chenery, Hollis Burnley.
|
| 245 |
1 |
0 |
|a Patterns of development, 1950-1970 /
|c Hollis Chenery and Moises Syrquin, with the assistance of Hazel Elkington.
|
| 260 |
|
|
|a London :
|b Oxford University Press for the World Bank,
|c 1977.
|
| 300 |
|
|
|a xvi, 234 p. :
|b ill. ;
|c 24 cm.
|
| 504 |
|
|
|a Includes bibliography: (p. [215]-222) and index.
|
| 541 |
1 |
|
|e 00000568
|
| 650 |
|
0 |
|a Economic history
|y 1945-1971.
|
| 650 |
|
0 |
|a Economic development.
|
| 700 |
1 |
|
|a Syrquin, Moises,
|e joint author.
|
| 852 |
4 |
|
|a Ayesha Abed Library
|j General Shelf.
|
| 999 |
|
|
|c 6864
|d 6864
|
| 952 |
|
|
|0 0
|1 0
|2 ddc
|4 0
|6 330_904500000000000_CHE_1977
|7 0
|9 7076
|a BRACUL
|b BRACUL
|c GEN
|d 2010-01-11
|g 105.00
|l 0
|o 330.9045 CHE
|p 3010000568
|r 2010-01-11
|w 2010-01-11
|y BK
|